00488nam a2200157Ia 450000500170000000800410001708200130005810000180007124500370008926000410012630000190016765000240018694200060021095200990021699900150031520250509021909.0240331s9999 xx 000 0 und d bTHAa891 aThaadchayani, 0aOru maranamum sila manitharkalum aChennaibManimegalai Prasooramc2005 aviii, 144 p ., aSirugathai Thoguppu cL 001040708LaWERCLbWERCLcSSCd2024-03-31l0o 894.811 THAp5540r2024-03-31w2024-03-31yL c4333d4333